[Event "Barcelona Sant Marti op-B 22nd"]
[Site "Barcelona"]
[Date "2022.07.19"]
[Round "7"]
[White "Garcia Comas, Pau"]
[Black "Fuentes Barrientos, Carlos"]
[Result "0-1"]
[WhiteElo "1467"]
[BlackElo "1630"]
[PlyCount "84"]
[EventDate "2022.07.13"]
[EventType "swiss"]
[EventRounds "9"]
[EventCountry "ESP"]
[SourceTitle "CBM 210 Extra"]
[Source "ChessBase"]
[SourceDate "2022.11.30"]
[SourceVersion "1"]
[SourceVersionDate "2022.11.30"]
[SourceQuality "1"]

1. d4 d5 2. c4 e6 3. Nf3 Nf6 4. g3 Bb4+ 5. Bd2 c5 6. Bxb4 cxb4 7. Bg2 Nc6 8. 0-0 0-0 9. e3 Rb8 10. Nbd2 dxc4 11. Nxc4 b5 12. Nce5 Nxe5 13. Nxe5 Bb7 14. Nc6 Bxc6 15. Bxc6 Qb6 16. Bg2 Rfc8 17. Qd2 Rc4 18. Rfc1 Rbc8 19. Bf1 Ne4 20. Qd1 Qc6 21. Bxc4 bxc4 22. Qf3 f5 23. Rc2 Qd5 24. Rac1 a5 25. Qe2 c3 26. f4 Rc6 27. Qd3 cxb2 28. Rxc6 bxc1Q+ 29. Rxc1 Qxa2 30. Qc2 Qxc2 31. Rxc2 b3 32. Rc8+ Kf7 33. Rb8 a4 34. Rb4 Nd2 35. Rxa4 b2 36. Rb4 b1Q+ 37. Rxb1 Nxb1 38. Kf2 h5 39. Kf3 Nd2+ 40. Ke2 Ne4 41. Kf3 Ke7 42. h3 Nf6 0-1

[Event "Barcelona Sant Marti op-B 22nd"]
[Site "Barcelona"]
[Date "2022.07.14"]
[Round "2"]
[White "Fuentes Barrientos, Carlos"]
[Black "Vardanyan Asilbekyan, Ani"]
[Result "0-1"]
[WhiteElo "1630"]
[BlackElo "1157"]
[PlyCount "50"]
[EventDate "2022.07.13"]
[EventType "swiss"]
[EventRounds "9"]
[EventCountry "ESP"]
[SourceTitle "CBM 210 Extra"]
[Source "ChessBase"]
[SourceDate "2022.11.30"]
[SourceVersion "1"]
[SourceVersionDate "2022.11.30"]
[SourceQuality "1"]

1. d4 d5 2. Bf4 Nf6 3. e3 Bf5 4. c4 e6 5. Qb3 Nbd7 6. Nc3 dxc4 7. Bxc4 Nb6 8. Be2 Bd6 9. Bxd6 cxd6 10. Bb5+ Nbd7 11. Qb4 a6 12. Be2 Qb6 13. Qxb6 Nxb6 14. Nf3 Rc8 15. Nd2 0-0 16. f3 Bg6 17. Kf2 d5 18. Rac1 Rc6 19. a3 Rfc8 20. Na2 Rc2 21. Rhd1 Rxb2 22. Rxc8+ Nxc8 23. Rc1 Nd6 24. Nc3 Rxd2 25. Ke1 Rc2 0-1

[Event "Llinars del Valles op 1st"]
[Site "Llinars del Valles"]
[Date "2021.06.30"]
[Round "6"]
[White "Delgado Torra, Bruno"]
[Black "Fuentes Barrientos, Carlos"]
[Result "0-1"]
[WhiteElo "1531"]
[BlackElo "1727"]
[PlyCount "114"]
[EventDate "2021.06.25"]
[EventType "swiss"]
[EventRounds "9"]
[EventCountry "ESP"]
[SourceTitle "CBM 203 Extra"]
[Source "ChessBase"]
[SourceDate "2021.09.30"]
[SourceVersion "1"]
[SourceVersionDate "2021.09.30"]
[SourceQuality "1"]

1. c4 e5 2. Nc3 Nc6 3. g3 f5 4. d3 Nf6 5. Bg2 Bc5 6. e3 0-0 7. Nf3 e4 8. dxe4 fxe4 9. Nxe4 Bb4+ 10. Bd2 Nxe4 11. Bxb4 Nxb4 12. a3 Nxf2 13. Kxf2 Nc6 14. Rf1 Qe7 15. Qe2 d6 16. h3 Qg5 17. g4 Be6 18. Kg1 Qc5 19. Rac1 a5 20. Qd3 Ne5 21. Nxe5 Rxf1+ 22. Rxf1 Qxe5 23. Bd5 Qg3+ 24. Bg2 Re8 25. Rf3 Qe1+ 26. Rf1 Qg3 27. Rf3 Qe5 28. Rf2 Bf7 29. Re2 Qc5 30. Bd5 c6 31. Bxf7+ Kxf7 32. Qxh7 Rxe3 33. Rf2+ Ke6 34. Qg6+ Kd7 35. Qxg7+ Kd8 36. Kg2 Re7 37. Qh8+ Kc7 38. Qf6 Re4 39. Qf7+ Kb6 40. Rc2 Qe5 41. Qf2+ c5 42. b4 axb4 43. axb4 Rxc4 44. bxc5+ Rxc5 45. Rb2+ Kc6 46. Qf3+ d5 47. Re2 Qd6 48. Qf5 d4 49. Re6 Rxf5 50. Rxd6+ Kxd6 51. gxf5 Ke5 52. f6 Kxf6 53. Kf3 Kf5 54. h4 b5 55. h5 b4 56. Ke2 b3 57. Kd2 Kg5 0-1

[Event "Llinars del Valles op 1st"]
[Site "Llinars del Valles"]
[Date "2021.06.27"]
[Round "3"]
[White "Fuentes Barrientos, Carlos"]
[Black "Carrasco Gomez, Adahara"]
[Result "1-0"]
[WhiteElo "1727"]
[BlackElo "1458"]
[PlyCount "107"]
[EventDate "2021.06.25"]
[EventType "swiss"]
[EventRounds "9"]
[EventCountry "ESP"]
[SourceTitle "CBM 203 Extra"]
[Source "ChessBase"]
[SourceDate "2021.09.30"]
[SourceVersion "1"]
[SourceVersionDate "2021.09.30"]
[SourceQuality "1"]

1. d4 Nf6 2. Bf4 d6 3. e3 Nbd7 4. Bd3 g6 5. h4 e5 6. Bh2 h5 7. Nc3 Bg7 8. Nf3 Qe7 9. dxe5 dxe5 10. Ng5 0-0 11. Qf3 Qb4 12. 0-0-0 Qxh4 13. Bf4 Qg4 14. Qxg4 Nxg4 15. Bg3 c6 16. Nce4 b5 17. Nd6 Nc5 18. Be2 Nb7 19. Bf3 Nxd6 20. Rxd6 Bb7 21. Rhd1 a5 22. Rd7 Rab8 23. Rc7 Nh6 24. Rdd7 Bc8 25. Rd6 Nf5 26. Rdxc6 Nxg3 27. fxg3 Bh6 28. Nxf7 Bxe3+ 29. Kd1 Bf5 30. Nxe5 Rbd8+ 31. Ke2 Bg5 32. Nxg6 Rfe8+ 33. Kf1 Bg4 34. Nf4 Bxf4 35. gxf4 Bxf3 36. Rg6+ Kh8 37. Rh6+ Kg8 38. gxf3 Rd1+ 39. Kf2 Rd2+ 40. Kg3 Ree2 41. f5 h4+ 42. Kf4 Rd4+ 43. Kg5 Rg2+ 44. Kh5 h3 45. Rg6+ Rxg6 46. Kxg6 Kf8 47. f6 Rd8 48. Rh7 Ke8 49. Rh8+ Kd7 50. Rxd8+ Kxd8 51. f7 Ke7 52. Kg7 h2 53. f8Q+ Kd7 54. Qh8 1-0

[Event "Llinars del Valles op 1st"]
[Site "Llinars del Valles"]
[Date "2021.06.25"]
[Round "1"]
[White "Fuentes Barrientos, Carlos"]
[Black "Carrasco Gomez, Ariadna"]
[Result "1-0"]
[WhiteElo "1727"]
[BlackElo "1157"]
[PlyCount "69"]
[EventDate "2021.06.25"]
[EventType "swiss"]
[EventRounds "9"]
[EventCountry "ESP"]
[SourceTitle "CBM 203 Extra"]
[Source "ChessBase"]
[SourceDate "2021.09.30"]
[SourceVersion "1"]
[SourceVersionDate "2021.09.30"]
[SourceQuality "1"]

1. d4 Nf6 2. Bf4 d6 3. Nf3 g6 4. Nc3 Bg7 5. Qd2 Nbd7 6. 0-0-0 c6 7. e4 0-0 8. h3 b5 9. e5 Ne8 10. Ne4 Nb6 11. g4 a5 12. Bh6 Nd5 13. Bd3 b4 14. Rdg1 a4 15. h4 b3 16. a3 bxc2 17. h5 Rb8 18. Bxc2 Qb6 19. Bxg7 Qxb2+ 20. Kd1 Qa1+ 21. Qc1 Qxc1+ 22. Kxc1 Nxg7 23. hxg6 fxg6 24. Nfg5 Nf4 25. Kd2 d5 26. Rxh7 dxe4 27. Rgh1 Nfh5 28. gxh5 Nxh5 29. Bxe4 Rxf2+ 30. Kc1 Rb3 31. Bxg6 Rg2 32. Bf7+ Kf8 33. Rh8+ Kg7 34. Rg8+ Kh6 35. Rxh5# 1-0

[Event "Barcelona Sant Marti op 9th"]
[Site "Barcelona"]
[Date "2020.02.20"]
[Round "6"]
[White "Planella Sanchez, Jordi"]
[Black "Fuentes Barrientos, Carlos"]
[Result "1-0"]
[WhiteElo "1895"]
[BlackElo "1707"]
[PlyCount "101"]
[EventDate "2020.01.16"]
[EventType "swiss"]
[EventRounds "9"]
[EventCountry "ESP"]
[SourceTitle "CBM 195 Extra"]
[Source "ChessBase"]
[SourceDate "2020.05.31"]
[SourceVersion "1"]
[SourceVersionDate "2020.05.31"]
[SourceQuality "1"]

1. f4 f5 2. b3 Nf6 3. Bb2 e6 4. e3 c5 5. Nf3 Nc6 6. Be2 Be7 7. 0-0 0-0 8. c4 b6 9. Nc3 Bb7 10. h3 a6 11. Qe1 Qe8 12. Qf2 Ne4 13. Nxe4 fxe4 14. Qg3 Bf6 15. Bxf6 Rxf6 16. Nh2 Nb4 17. Ng4 Rg6 18. Qh4 Nd3 19. Qh5 d6 20. Bxd3 exd3 21. Rf2 Qd7 22. Re1 Be4 23. Nh2 Rf8 24. Nf3 Rf5 25. Ng5 Rh6 26. Qg4 d5 27. Qd1 Rg6 28. Nxe4 dxe4 29. Kh2 h5 30. g4 hxg4 31. hxg4 Rh6+ 32. Kg3 Rf8 33. Rh1 Qe7 34. Rxh6 gxh6 35. Qh1 Qh7 36. Rh2 Qg7 37. Rxh6 e5 38. Qh5 exf4+ 39. exf4 Rf6 40. Qe8+ Rf8 41. Qe6+ Qf7 42. Rg6+ Kh7 43. Qxf7+ Rxf7 44. Re6 b5 45. Rxe4 Rd7 46. Kf3 Kg6 47. Re5 bxc4 48. bxc4 Rc7 49. Re6+ Kf7 50. Rxa6 Re7 51. Rd6 1-0

[Event "Barcelona Sant Marti op 9th"]
[Site "Barcelona"]
[Date "2020.01.23"]
[Round "2"]
[White "Fuentes Barrientos, Carlos"]
[Black "Sumed Castillo, Alejandro"]
[Result "1-0"]
[WhiteElo "1707"]
[BlackElo "1466"]
[PlyCount "99"]
[EventDate "2020.01.16"]
[EventType "swiss"]
[EventRounds "9"]
[EventCountry "ESP"]
[SourceTitle "CBM 195 Extra"]
[Source "ChessBase"]
[SourceDate "2020.05.31"]
[SourceVersion "1"]
[SourceVersionDate "2020.05.31"]
[SourceQuality "1"]

1. c4 Nf6 2. Nc3 e6 3. g3 d5 4. cxd5 exd5 5. d4 Be7 6. Bg2 0-0 7. Bg5 c6 8. Nf3 Nbd7 9. 0-0 b6 10. Qc2 Bb7 11. a3 h6 12. Bd2 Re8 13. b4 c5 14. bxc5 bxc5 15. Rfb1 Ba6 16. Qa4 Bc4 17. Rb7 a6 18. e3 Nb6 19. Qc6 Nbd7 20. Rab1 Nb8 21. Qa4 Nbd7 22. Bh3 Nf8 23. Ne5 cxd4 24. exd4 Ne6 25. Bxe6 fxe6 26. Nxc4 dxc4 27. Qxc4 Bxa3 28. Re1 Nd5 29. Nxd5 Qxd5 30. Qxd5 exd5 31. Rxe8+ Rxe8 32. Rd7 Re2 33. Be3 Re1+ 34. Kg2 Bc1 35. Bxc1 Rxc1 36. Rxd5 Rc4 37. Kf3 a5 38. Rd7 a4 39. Ke4 a3 40. Ra7 Rc2 41. Rxa3 Rxf2 42. h4 Kf7 43. Rf3+ Rxf3 44. Kxf3 g6 45. Ke4 Ke6 46. g4 g5 47. h5 Kf6 48. Kd5 Ke7 49. Ke5 Kf7 50. Kf5 1-0

[Event "Barcelona Sant Marti op-B 21st"]
[Site "Barcelona"]
[Date "2019.07.18"]
[Round "6"]
[White "Fuentes Barrientos, Carlos"]
[Black "Lopez Manzano, Antonio"]
[Result "0-1"]
[WhiteElo "1831"]
[BlackElo "1908"]
[PlyCount "58"]
[EventDate "2019.07.13"]
[EventType "swiss"]
[EventRounds "9"]
[EventCountry "ESP"]
[SourceTitle "EXT 2020"]
[Source "ChessBase"]
[SourceDate "2019.10.17"]
[SourceVersion "1"]
[SourceVersionDate "2019.10.17"]
[SourceQuality "1"]

1. d4 f5 2. Bg5 g6 3. g4 d5 4. gxf5 Bxf5 5. Bh3 Qd7 6. Qd3 Bxd3 7. Bxd7+ Nxd7 8. cxd3 Bg7 9. Nf3 c5 10. Be3 cxd4 11. Nxd4 Kf7 12. Nc3 e5 13. Ndb5 d4 14. Ne4 dxe3 15. fxe3 Bh6 16. Kd2 Ne7 17. Rac1 Nd5 18. Rhf1+ Ke7 19. Rf3 Rhf8 20. Rh3 Bxe3+ 21. Rxe3 Nxe3 22. Kxe3 Rac8 23. Nc7 Nb6 24. Rc3 Kd7 25. Nb5 Nd5+ 26. Kd2 Nxc3 27. bxc3 Rf1 28. c4 Ra1 29. Nxa7 Rxa2+ 0-1

[Event "Barcelona Sant Marti op-B 21st"]
[Site "Barcelona"]
[Date "2019.07.14"]
[Round "2"]
[White "Azimov, Timur"]
[Black "Fuentes Barrientos, Carlos"]
[Result "1/2-1/2"]
[WhiteElo "1525"]
[BlackElo "1831"]
[PlyCount "87"]
[EventDate "2019.07.13"]
[EventType "swiss"]
[EventRounds "9"]
[EventCountry "ESP"]
[SourceTitle "EXT 2020"]
[Source "ChessBase"]
[SourceDate "2019.10.17"]
[SourceVersion "1"]
[SourceVersionDate "2019.10.17"]
[SourceQuality "1"]

1. e4 g6 2. d4 Bg7 3. Nc3 d6 4. Be3 a6 5. Qd2 b5 6. a3 Bb7 7. f3 Nd7 8. g4 c5 9. d5 Ne5 10. h4 Qa5 11. h5 b4 12. Na2 Rc8 13. axb4 cxb4 14. Qxb4 Qxb4+ 15. Nxb4 Nc4 16. Bxc4 Rxc4 17. c3 Rxc3 18. Ke2 Rb3 19. Nd3 Nf6 20. h6 Bf8 21. Kd2 e6 22. dxe6 fxe6 23. Ne2 e5 24. Kc2 Rxd3 25. Kxd3 Bc6 26. Kd2 d5 27. Rxa6 Bb4+ 28. Kd1 Kd7 29. g5 Ne8 30. exd5 Bxd5 31. Rf1 Nd6 32. Bd2 Bb3+ 33. Ke1 Bc5 34. Ra5 Rc8 35. Nc3 Nc4 36. Rb5 Nxd2 37. Kxd2 Bc4 38. Rxc5 Rxc5 39. Ne4 Rd5+ 40. Ke1 Ra5 41. Rf2 Ke6 42. Nf6 Ra7 43. f4 Kf5 44. Rc2 1/2-1/2

[Event "Barcelona Sant Marti op-B 20th"]
[Site "Barcelona"]
[Date "2018.07.17"]
[Round "5"]
[White "Fuentes Barrientos, Carlos"]
[Black "Gonzalez Moreno, Antoni"]
[Result "1-0"]
[WhiteElo "1803"]
[BlackElo "1667"]
[PlyCount "99"]
[EventDate "2018.07.13"]
[EventType "swiss"]
[EventRounds "9"]
[EventCountry "ESP"]
[SourceTitle "EXT 2019"]
[Source "ChessBase"]
[SourceDate "2018.10.10"]
[SourceVersion "1"]
[SourceVersionDate "2018.10.10"]
[SourceQuality "1"]

1. d4 d5 2. Bg5 Nd7 3. Nf3 Ngf6 4. e3 e6 5. c4 Be7 6. Nc3 a6 7. c5 c6 8. b4 0-0 9. Bd3 Re8 10. a4 h6 11. Bh4 Nh5 12. Bg3 Nxg3 13. hxg3 Bf6 14. Bc2 Nf8 15. Ne5 Bxe5 16. dxe5 f6 17. Qg4 f5 18. Qh5 Bd7 19. Ne2 Qg5 20. f4 Qxh5 21. Rxh5 Re7 22. Nd4 Ree8 23. Bd3 Rec8 24. Kf2 a5 25. Rb1 Rcb8 26. Rhh1 b6 27. Rhc1 Kf7 28. b5 bxc5 29. Rxc5 cxb5 30. Bxb5 Rc8 31. Rbc1 Rxc5 32. Rxc5 Bxb5 33. Rxb5 Nd7 34. Nc6 Rc8 35. Nxa5 Rc2+ 36. Kf3 g5 37. g4 fxg4+ 38. Kxg4 Rxg2+ 39. Kf3 Ra2 40. Rb7 Ke8 41. Nb3 gxf4 42. exf4 Ra3 43. Kg4 d4 44. Nxd4 Rxa4 45. Nxe6 Nxe5+ 46. Kh5 Nf7 47. Kg6 Nd6 48. Rh7 Re4 49. Kf6 Re1 50. Re7# 1-0

[Event "Barcelona Sant Marti op-B 20th"]
[Site "Barcelona"]
[Date "2018.07.13"]
[Round "1"]
[White "Membrives Pino, Didac"]
[Black "Fuentes Barrientos, Carlos"]
[Result "0-1"]
[WhiteElo "1477"]
[BlackElo "1803"]
[PlyCount "46"]
[EventDate "2018.07.13"]
[EventType "swiss"]
[EventRounds "9"]
[EventCountry "ESP"]
[SourceTitle "EXT 2019"]
[Source "ChessBase"]
[SourceDate "2018.10.10"]
[SourceVersion "1"]
[SourceVersionDate "2018.10.10"]
[SourceQuality "1"]

1. d4 Nf6 2. Bf4 Nc6 3. Nf3 d5 4. h3 g6 5. Nc3 Bg7 6. Qd2 Ne4 7. Nxe4 dxe4 8. Ng5 Qxd4 9. c3 Qxd2+ 10. Kxd2 e5 11. Be3 f5 12. h4 b6 13. f4 h6 14. Nh3 Be6 15. Kc2 0-0-0 16. b3 Rd7 17. Nf2 Rhd8 18. Rd1 Rxd1 19. Nxd1 Kb7 20. Bc1 exf4 21. Bxf4 Ne5 22. Bc1 Ng4 23. g3 Rxd1 0-1

[Event "Barcelona Sant Marti op 7th"]
[Site "Barcelona"]
[Date "2018.01.18"]
[Round "2"]
[White "Fabregas Fontanet, Antonio"]
[Black "Fuentes Barrientos, Carlos"]
[Result "1-0"]
[WhiteElo "1930"]
[BlackElo "1775"]
[PlyCount "65"]
[EventDate "2018.01.11"]
[EventType "swiss"]
[EventRounds "9"]
[EventCountry "ESP"]
[SourceTitle "EXT 2019"]
[Source "ChessBase"]
[SourceDate "2018.10.10"]
[SourceVersion "1"]
[SourceVersionDate "2018.10.10"]
[SourceQuality "1"]

1. e4 d5 2. exd5 Nf6 3. Nc3 Nxd5 4. Bc4 Nb6 5. Bb3 Nc6 6. Nf3 e6 7. 0-0 Be7 8. d3 Na5 9. Re1 Nxb3 10. axb3 Nd5 11. Ne4 b6 12. Neg5 h6 13. Nxf7 Kxf7 14. Ne5+ Kg8 15. Ra4 Qe8 16. Qf3 Qf8 17. Qg3 Bd6 18. Rg4 Bxe5 19. Rxe5 Bd7 20. Bd2 Qf7 21. c4 Nf6 22. Rh4 Kf8 23. d4 a5 24. h3 Bc6 25. b4 axb4 26. Bxb4+ Kg8 27. d5 exd5 28. Re7 Qf8 29. Rxc7 Qf7 30. Rxf7 Kxf7 31. Qc7+ Bd7 32. Rf4 Kg6 33. Rxf6+ 1-0

[Event "Barcelona Sant Marti op 6th"]
[Site "Barcelona"]
[Date "2017.02.16"]
[Round "6"]
[White "Fuentes Barrientos, Carlos"]
[Black "Hinarejos Montano, Andres"]
[Result "1/2-1/2"]
[WhiteElo "1779"]
[BlackElo "1603"]
[PlyCount "107"]
[EventDate "2017.01.12"]
[EventType "swiss"]
[EventRounds "9"]
[EventCountry "ESP"]
[SourceTitle "EXT 2018"]
[Source "ChessBase"]
[SourceDate "2017.10.13"]
[SourceVersion "1"]
[SourceVersionDate "2017.10.13"]
[SourceQuality "1"]

1. e4 e5 2. Nf3 d6 3. d4 exd4 4. Nxd4 Be7 5. Bc4 Nf6 6. Nc3 0-0 7. Bg5 Nbd7 8. Qe2 Ne5 9. Bb3 Bg4 10. f3 Bd7 11. 0-0-0 a6 12. h3 Nh5 13. Bxe7 Qxe7 14. Qe3 c5 15. Nd5 Qd8 16. Nf5 Bxf5 17. exf5 c4 18. f4 cxb3 19. fxe5 bxa2 20. Qa3 Qg5+ 21. Rd2 dxe5 22. Qxa2 Nf4 23. h4 Qh6 24. Ne7+ Kh8 25. Qa5 b5 26. Qc7 Ne2+ 27. Kd1 Ng3 28. Re1 Qh5+ 29. Kc1 Qxh4 30. Rxe5 Qh1+ 31. Rd1 Qh6+ 32. Kb1 Qf4 33. Qc3 f6 34. Red5 Rae8 35. R5d4 Ne4 36. Ng6+ hxg6 37. Rh1+ Kg8 38. Qb3+ Rf7 39. fxg6 Qc7 40. Rh8+ Kxh8 41. Qh3+ Kg8 42. Qh7+ Kf8 43. Qh8+ Ke7 44. Rxe4+ Qe5 45. Rxe5+ fxe5 46. Qh5 Rf1+ 47. Ka2 Kf6 48. Qh3 Rf5 49. Kb3 Kxg6 50. Qd3 Kf6 51. g4 Rf4 52. Qd7 Re7 53. g5+ Kf7 54. Qd5+ 1/2-1/2

[Event "Barcelona Sant Marti op-B 17th"]
[Site "Barcelona"]
[Date "2015.07.18"]
[Round "6"]
[White "Martinez Hernandez, Emili"]
[Black "Fuentes Barrientos, Carlos"]
[Result "1/2-1/2"]
[WhiteElo "2018"]
[BlackElo "1916"]
[PlyCount "157"]
[EventDate "2015.07.13"]
[EventType "swiss"]
[EventRounds "9"]
[EventCountry "ESP"]
[SourceTitle "EXT 2016"]
[Source "ChessBase"]
[SourceDate "2015.10.08"]
[SourceVersion "1"]
[SourceVersionDate "2015.10.08"]
[SourceQuality "1"]

1. d4 Nf6 2. e3 c5 3. c3 d5 4. f4 Bg4 5. Nf3 Nc6 6. Be2 cxd4 7. exd4 e6 8. 0-0 Bd6 9. Ne5 Bxe2 10. Qxe2 Qc7 11. Nd2 0-0 12. Ndf3 Rae8 13. Nxc6 bxc6 14. Ne5 Bxe5 15. fxe5 Ne4 16. Be3 f5 17. exf6 Nxf6 18. Bf4 Qd7 19. Rad1 Rf7 20. Be5 Ne4 21. Rxf7 Qxf7 22. Rf1 Qg6 23. Rf4 Rf8 24. Rg4 Ng5 25. h4 Qb1+ 26. Kh2 Rf1 27. Rxg5 g6 28. h5 Re1 29. Qg4 Rh1+ 30. Kg3 Qe1+ 31. Kf4 Rf1+ 32. Qf3 Qh4+ 33. Rg4 g5+ 34. Ke3 Rxf3+ 35. gxf3 Qxh5 36. Rg3 Kf7 37. Rg2 Qg6 38. a3 h5 39. Ke2 Qc2+ 40. Kf1 Qd1+ 41. Kf2 Kg6 42. Bf4 g4 43. fxg4 hxg4 44. Bg3 Kf5 45. Be5 Ke4 46. Kg3 Qf3+ 47. Kh2 Qh3+ 48. Kg1 Qe3+ 49. Kh2 Qh3+ 50. Kg1 Qh4 51. Bg3 Qh3 52. Be5 Kf3 53. Rf2+ Ke3 54. Rg2 Qh5 55. Bg3 Kd3 56. Bf4 Kc4 57. Bg3 Kb3 58. Bf4 Qf5 59. Bd6 a5 60. Bc7 a4 61. Bd6 Qf3 62. Kh2 Kc4 63. Kg1 Kb5 64. Kh2 Ka6 65. Kg1 Kb7 66. Kh2 Kc8 67. Kg1 Kd7 68. Be5 Ke7 69. Bb8 Kd7 70. Be5 Ke7 71. Kh2 Kf7 72. Kg1 Kg6 73. Kh2 Kh5 74. Kg1 Qd1+ 75. Kh2 Qf1 76. Bg3 Kg5 77. Be5 Kf5 78. Bg3 Ke4 79. Be5 1/2-1/2

[Event "Sant Adria de Besos op 11th"]
[Site "Sant Adria de Besos"]
[Date "2015.06.14"]
[Round "8.13"]
[White "Fuentes Barrientos, Carlos"]
[Black "Penalver Guardia, Josep"]
[Result "1/2-1/2"]
[WhiteElo "1913"]
[BlackElo "1887"]
[PlyCount "98"]
[EventDate "2015.04.12"]
[EventType "swiss"]
[EventRounds "9"]
[EventCountry "ESP"]
[SourceTitle "EXT 2024"]
[Source "ChessBase"]
[SourceDate "2023.10.10"]
[SourceVersion "1"]
[SourceVersionDate "2023.10.10"]
[SourceQuality "1"]

1. d4 Nf6 2. Bg5 d5 3. Bxf6 exf6 4. e3 Bd6 5. g3 c6 6. Nd2 a5 7. b3 Na6 8. c4 Bf5 9. c5 Be7 10. a3 0-0 11. Ngf3 b6 12. b4 axb4 13. Nh4 Be6 14. Bxa6 Rxa6 15. axb4 Rxa1 16. Qxa1 Bh3 17. Ke2 f5 18. Nhf3 Bf6 19. Qa7 bxc5 20. bxc5 Qa8 21. Ra1 Qe8 22. Qa4 Bg4 23. Rb1 Qe6 24. Rb6 Rc8 25. Qb4 g5 26. Rb8 Rxb8 27. Qxb8+ Kg7 28. Qd6 Qxd6 29. cxd6 Kf8 30. Kd3 Ke8 31. Ne5 Bxe5 32. dxe5 c5 33. Nb1 Bf3 34. Nd2 Bd1 35. f4 g4 36. Nb1 Kd7 37. Nc3 Bb3 38. Ne2 Bc4+ 39. Kd2 Bb5 40. Ng1 Bf1 41. Ne2 Bg2 42. Nc3 Be4 43. Nxe4 fxe4 44. Kc3 Kc6 45. Kb3 Kd7 46. Kc3 Kc6 47. Kd2 Kd7 48. Kc2 Kc6 49. Kc3 Kd7 1/2-1/2

[Event "Barcelona Sant Marti op-B 4th"]
[Site "Barcelona"]
[Date "2015.02.26"]
[Round "7"]
[White "Fuentes Barrientos, Carlos"]
[Black "Pascual Gonzalez, Novelles Carle"]
[Result "0-1"]
[WhiteElo "1885"]
[BlackElo "1990"]
[PlyCount "54"]
[EventDate "2015.01.15"]
[EventType "swiss"]
[EventRounds "9"]
[EventCountry "ESP"]
[SourceTitle "EXT 2016"]
[Source "ChessBase"]
[SourceDate "2015.10.08"]
[SourceVersion "1"]
[SourceVersionDate "2015.10.08"]
[SourceQuality "1"]

1. e4 e6 2. d4 d5 3. Be3 Nf6 4. Nd2 dxe4 5. f3 exf3 6. Ngxf3 Nbd7 7. Bd3 c5 8. 0-0 cxd4 9. Nxd4 Ne5 10. Bb5+ Bd7 11. Qe2 a6 12. Bxd7+ Qxd7 13. Rxf6 gxf6 14. Ne4 Be7 15. Rf1 f5 16. Nd2 Ng4 17. c3 Nxe3 18. Qxe3 Rg8 19. N2f3 0-0-0 20. b4 Qd5 21. Nb3 Qd3 22. Qa7 Qe2 23. Qa8+ Kc7 24. Qxd8+ Bxd8 25. Rf2 Qd1+ 26. Rf1 Qc2 27. Rf2 Qb1+ 0-1

[Event "Barcelona Sant Marti op-B 16th"]
[Site "Barcelona"]
[Date "2014.07.16"]
[Round "4"]
[White "Fuentes Barrientos, Carlos"]
[Black "Liarte Genoves, Sergi"]
[Result "0-1"]
[WhiteElo "1915"]
[BlackElo "2051"]
[PlyCount "64"]
[EventDate "2014.07.13"]
[EventType "swiss"]
[EventRounds "9"]
[EventCountry "ESP"]
[SourceTitle "CBM 161 Extra"]
[Source "ChessBase"]
[SourceDate "2014.08.29"]
[SourceVersion "1"]
[SourceVersionDate "2014.08.29"]
[SourceQuality "1"]

1. e4 c5 2. Nc3 a6 3. a4 Nc6 4. f4 e6 5. Bc4 g6 6. Nf3 Bg7 7. 0-0 Nge7 8. Qe1 0-0 9. e5 Nf5 10. Ne2 d5 11. Ba2 b5 12. c3 d4 13. Bb1 d3 14. Ng3 Nxg3 15. Qxg3 Bb7 16. b3 c4 17. Ba3 Qb6+ 18. Kh1 Rfd8 19. bxc4 bxc4 20. Ba2 Na5 21. Bb4 Nb3 22. a5 Qb5 23. Bxb3 cxb3 24. Rfb1 Qc4 25. Ra3 Bh6 26. Ng5 Bxg5 27. Qxg5 b2 28. Rxb2 Rd4 29. Be7 Rxf4 30. Kg1 Qe4 31. h3 Qe1+ 32. Kh2 Rf1 0-1

[Event "Barcelona Sant Marti op-B 16th"]
[Site "Barcelona"]
[Date "2014.07.14"]
[Round "2"]
[White "Fuentes Barrientos, Carlos"]
[Black "Flores Linan, Josep Luis"]
[Result "1-0"]
[WhiteElo "1915"]
[BlackElo "2016"]
[PlyCount "63"]
[EventDate "2014.07.13"]
[EventType "swiss"]
[EventRounds "9"]
[EventCountry "ESP"]
[SourceTitle "CBM 161 Extra"]
[Source "ChessBase"]
[SourceDate "2014.08.29"]
[SourceVersion "1"]
[SourceVersionDate "2014.08.29"]
[SourceQuality "1"]

1. e4 c5 2. Nc3 g6 3. f4 Bg7 4. Nf3 d6 5. Bc4 Nc6 6. 0-0 e6 7. d3 Nge7 8. Qe1 0-0 9. f5 exf5 10. Qh4 Be6 11. Bh6 Ne5 12. Ng5 Bxc4 13. dxc4 Qd7 14. Bxg7 Kxg7 15. Qxh7+ Kf6 16. exf5 Nxf5 17. Nge4+ Ke6 18. Rxf5 gxf5 19. Ng5+ Ke7 20. Qh6 Rae8 21. Rd1 Rh8 22. Nh7 Qe6 23. Qh4+ Kd7 24. Nd5 Nf3+ 25. gxf3 Qg6+ 26. Kh1 Rxh7 27. Qxh7 Qe6 28. Qh3 Kc6 29. Qg2 f6 30. f4 Kd7 31. Qg7+ Re7 32. Qxe7+ 1-0

[Event "Sant Adria de Besos op 10th"]
[Site "Sant Adria de Besos"]
[Date "2014.05.25"]
[Round "4"]
[White "Fuentes Barrientos, Carlos"]
[Black "Hernando Harto, Maria"]
[Result "1-0"]
[WhiteElo "1792"]
[BlackElo "1700"]
[PlyCount "51"]
[EventDate "2014.05.04"]
[EventType "swiss"]
[EventRounds "8"]
[EventCountry "ESP"]
[SourceTitle "EXT 2015"]
[Source "ChessBase"]
[SourceDate "2014.11.20"]
[SourceVersion "1"]
[SourceVersionDate "2014.11.20"]
[SourceQuality "1"]

1. e4 e5 2. f4 d6 3. Nf3 Nf6 4. Bc4 Nxe4 5. d3 d5 6. dxe4 dxe4 7. Bxf7+ Ke7 8. Qxd8+ Kxd8 9. Nxe5 Bf5 10. g4 Bd7 11. Bd5 Bc6 12. Bxc6 Nxc6 13. Nf7+ Kd7 14. Nxh8 Bd6 15. Nf7 Rf8 16. Nxd6 cxd6 17. c3 Ne7 18. Na3 Ng6 19. Rf1 Nh4 20. Nc2 Nf3+ 21. Rxf3 exf3 22. Kf2 Rf6 23. Be3 Rh6 24. Kg3 Ke6 25. f5+ Ke5 26. Bxh6 1-0

[Event "Barcelona Sant Marti op-B 15th"]
[Site "Barcelona"]
[Date "2013.07.19"]
[Round "7"]
[White "Riu Lopez, Daniel"]
[Black "Fuentes Barrientos, Carlos"]
[Result "1-0"]
[WhiteElo "1691"]
[BlackElo "1792"]
[PlyCount "63"]
[EventDate "2013.07.13"]
[EventType "swiss"]
[EventRounds "9"]
[EventCountry "ESP"]
[SourceTitle "CBM 155 Extra"]
[Source "ChessBase"]
[SourceDate "2013.08.26"]
[SourceVersion "1"]
[SourceVersionDate "2013.08.26"]
[SourceQuality "1"]

1. e4 d6 2. d4 Nf6 3. Nc3 g6 4. Nf3 Bg7 5. Bf4 Nh5 6. Be3 c6 7. Bc4 b5 8. Bb3 Nf6 9. e5 Ng4 10. Bf4 d5 11. Qd2 h5 12. Ne2 Na6 13. h3 Nh6 14. Ng3 Nc7 15. c3 Nf5 16. Bc2 Nxg3 17. fxg3 Bf5 18. Bxf5 gxf5 19. 0-0 Qd7 20. Nh4 e6 21. Bg5 a5 22. Rfe1 Na6 23. Re2 Qc7 24. Rae1 Kd7 25. Nxf5 Rag8 26. Nxg7 Rxg7 27. Bf6 Rhg8 28. Bxg7 Rxg7 29. Rf2 Ke8 30. Ref1 Qe7 31. Qh6 Qf8 32. Qxe6+ 1-0